Formación de docentes en universidades latinoamericanas = Teacher education in Latin-America universities. Vol. 1 /

Bibliographic Details
Other Authors: Cárdenas Beltrán, Melba Libia, 1958- (Editor), Cáceda, Carmen Rosa (Editor), Murillo Lara, Luis Alejandro (Editor)
Format: Electronic eBook
Language:Spanish
English
Published: Bogotá, Colombia : Editorial Uniagustiniana, 2019.
Series:Colección Educación (Editorial Uniagustiniana). Libros de investigación.
Subjects:
Online Access:Digitalia Hispánica

MARC

LEADER 00000nam a2200000Ii 4500
001 DIGUAGANA0039
003 NyNyDIG
006 m o d
007 cr |||||||||||
008 250115s2019 ck a ob 000 0 spa d
035 |a (OCoLC)1501450540 
040 |a DGITA  |b eng  |e rda  |e pn  |c DGITA 
020 |a 9789585498273  |q (digital) 
020 |z 9789585498266  |q (impreso) 
041 0 |a spa  |a eng  |b spa  |b eng 
043 |a cl----- 
050 1 4 |a LB1707 ebook 
245 0 0 |a Formación de docentes en universidades latinoamericanas =  |b Teacher education in Latin-America universities.  |n Vol. 1 /  |c Melba Libia Cárdenas Beltrán, Carmen Rosa Cáceda, Luis Alejandro Murillo Lara, editores. 
246 1 |i English title on cover:  |a Teacher education in Latin-America universities 
264 1 |a Bogotá, Colombia :  |b Editorial Uniagustiniana,  |c 2019. 
300 |a 1 online resource :  |b illustrations. 
336 |a text  |b txt  |2 rdacontent 
337 |a computer  |b c  |2 rdamedia 
338 |a online resource  |b cr  |2 rdacarrier 
347 |a text file  |2 rdaft 
347 |b PDF 
490 1 |a Colección Educación. Libros de investigación 
504 |a Includes bibliographical references. 
546 |a Text in Spanish and English with abstract in Spanish and English. 
588 0 |a Online resource; title from PDF title page (Digitalia, viewed January 15, 2025) 
650 0 |a College teachers  |x Training of. 
650 0 |a Higher education  |x Teaching. 
650 0 |a Teaching  |x Vocational guidance. 
700 1 |a Cárdenas Beltrán, Melba Libia,  |d 1958-  |e editor.  
700 1 |a Cáceda, Carmen Rosa,  |e editor.  
700 1 |a Murillo Lara, Luis Alejandro,  |e editor.  
776 0 8 |i Print version:  |t Formación de docentes en universidades latinoamericanas.  |d Bogotá, Colombia : Editorial Uniagustiniana, 2019  |z 9789585498266 
791 2 |a Digitalia (Firm),  |e distributor. 
793 0 |g Digitalia eBook Collection:  |a Editorial Uniagustiniana 
830 0 |a Colección Educación (Editorial Uniagustiniana).  |p Libros de investigación. 
856 4 0 |3 Digitalia Hispánica  |u https://www.digitaliapublishing.com/a/170033/ 
910 |a Premium collection: 2025